000 01134nam a2200289 4500
999 _c12901
_d12901
003 MIRAKIL
005 20190312113644.0
008 190312b tu ||||| |||| 00| 0 tur d
020 _a9789755392493
040 _aTR-AnCHP
_cTR-AnCHP
041 _atur
082 _a302.2242
_bS25ö 2017
100 _aSanders, Barry
245 1 0 _aÖküzün A'sı:
_belektronik çağda yazılı kültürün çöküşü ve şiddetin yükselişi /
_cBarry Sanders ; çeviren Şahnaz Tahir.
246 _aelektronik çağda yazılı kültürün çöküşü ve şiddetin yükselişi
250 _a5.bs.
260 _aİstanbul:
_bAyrıntı yayınları,
_c2017.
300 _a266 s.:
_c19 sm.
490 0 _aAyrıntı;
_aİnceleme dizisi;
_v231.
_v126.
500 _aÖzgün yapıt adı: A is for ox the callapse of literacy and the rise of violance in an electronic age
504 _aDizin vardır.
650 0 _95407
_aKitle iletişim araçları
_xsosyal yönler
650 0 _95408
_aOkuryazarlık
700 _95406
_aTahir, Şehnaz
740 _aelektronik çağda yazılı kültürün çöküşü ve şiddetin yükselişi
942 _2ddc
_cBKS